Statystyki dla Trasa Warszawskiej linii autobusowej 401

Kliknij tutaj aby rozwiązać quiz!

Ogólne statystyki

  • Ten quiz został rozwiązany 6 razy
    (4 od ostatniego zresetowania)
  • Średni wynik to 19 z 35

Statystyki odpowiedzi

DzielnicaPrzystanek% Poprawnych
Włochy / MokotówPKP Służewiec
100%
MokotówRondo Unii Europejskiej
100%
UrsusUrsus-Niedźwiadek
100%
UrsynówUrsynów Południowy
100%
UrsynówUrsynów Południowy
100%
MokotówWynalazek
100%
WłochyHynka
75%
MokotówMetro Służew
75%
Mokotów / UrsynówNowoursynowska
75%
MokotówPostępu
75%
WłochyRyżowa
75%
WłochyZajezdnia Kleszczowa
75%
MokotówAleja Lotników
50%
MokotówBełdan
50%
UrsusDzieci Warszawy
50%
UrsusLalki
50%
WłochyŁopuszańska
50%
WłochyOrzechowa
50%
UrsusPKP Ursus
50%
UrsusPlac Tysiąclecia
50%
WłochySasanki
50%
UrsynówSGGW-Biblioteka
50%
UrsynówSGGW-Rektorat
50%
WłochyWKD Raków
50%
UrsusAdamieckiego
25%
UrsynówCiszewskiego
25%
UrsynówCiszewskiego
25%
UrsusKeniga
25%
MokotówNoskowskiego
25%
UrsusPKP Ursus-Niedźwiadek
25%
UrsusSkoroszewska
25%
UrsusSzancera
25%
UrsusOrląt Lwowskich
0%
UrsusŚmigielska
0%
UrsynówStrzeleckiego
0%

Rozkład punktacji

Percentyl według liczby udzielonych odpowiedzi

Procent ludzi z każdym wynikiem

Twoja historia wyników

Nie rozwiązałeś tego quizu od ostatniego zresetowania